000 00396nam a2200145Ia 4500
008 220216s9999 xx 000 0 und d
100 _aMarques J R B
245 0 _aPerformance of oriental rubber clones under the ecological conditions of Una, Bahia
260 _bAgrotropica
_c1990
300 _a81-88
500 _aSource Year: 1993
650 _aRubber clone
856 _uPBA
942 _cJS
999 _c64753
_d64753